000 01268nam a2200241 i 4500
001 000007189
003 DO-SdBNP
005 20260310133656.0
007 ta
008 090907s2006 dr 001 0 spa d
040 _aDO-SdBNP
_bspa
_cBNPHU
_erda
041 _aspa
082 4 _axxxx
_bR426i
_222
110 1 _aRepública Dominicana.
_bOficina Nacional de Administración y Personal
_926398
245 1 0 _aInstructivo para la incorporación de los actuales funcionarios y empleados civiles del poder ejecutivo a la carrera administrativa.
264 _aSanto Domingo :
_bOficina Nacional de Administración y Personal,
_c2006.
300 _a187 páginas ;
_c22 cm .
336 _atexto
_btxt
_2rdacontent
337 _asin mediación
_bn
_2rdamedia
338 _avolumen
_bnc
_2rdacarrier
505 2 _aDecreto 538-03, sobre ingreso de nuevo personal a la carrera administrativa general y unificación de nóminas -- Decreto 668-05, que declara de interés nacional la profesionalización de la función pública y la de aplicación integral de la Ley de Servicio Civil y carrera administrativa -- Decretos 611-05 y 683-05 que ortorgan el nombramiento de servidores públicos de carrera a los empleados incorporados en los actos X ,XI y XII.
942 _2ddc
_cLBS1
999 _c6970
_d6970